Vàng và máu Phóng sự

Đã lưu trong:
Sonraí Bibleagrafaíochta
Príomhúdar: Nguyễn Tùng Chi
Formáid: Leabhar
Teanga:Undetermined
Foilsithe: Hà Nội Văn Học 1996
Ábhair:
Clibeanna: Cuir Clib Leis
Gan Chlibeanna, Bí ar an gcéad duine leis an taifead seo a chlibeáil!
Thư viện lưu trữ: Trung tâm Học liệu Trường Đại học Cần Thơ
LEADER 00522nam a2200181Ia 4500
001 CTU_35851
008 210402s9999 xx 000 0 und d
082 |a 895.9228 
082 |b Ch300 
100 |a Nguyễn Tùng Chi 
245 0 |a Vàng và máu 
245 0 |b Phóng sự 
245 0 |c Nguyễn Tùng Chi 
260 |a Hà Nội 
260 |b Văn Học 
260 |c 1996 
650 |a vietnamese fiction,vietnamese literature - 20th century 
980 |a Trung tâm Học liệu Trường Đại học Cần Thơ